Textile Science (Record no. 9196)

MARC details
000 -LEADER
fixed length control field 00330nam a22001457a 4500
003 - CONTROL NUMBER IDENTIFIER
control field OSt
008 - FIXED-LENGTH DATA ELEMENTS--GENERAL INFORMATION
fixed length control field 201119b ||||| |||| 00| 0 eng d
100 ## - MAIN ENTRY--PERSONAL NAME
Personal name Rastogi, Deepali
245 ## - TITLE STATEMENT
Title Textile Science
250 ## - EDITION STATEMENT
Edition statement 1st
260 ## - PUBLICATION, DISTRIBUTION, ETC. (IMPRINT)
Place of publication, distribution, etc New Delhi
Name of publisher, distributor, etc Oxford
Date of publication, distribution, etc 2019
300 ## - PHYSICAL DESCRIPTION
Extent 338
650 ## - SUBJECT ADDED ENTRY--TOPICAL TERM
Topical term or geographic name as entry element B.A Hons. Fashion
942 ## - ADDED ENTRY ELEMENTS (KOHA)
Source of classification or shelving scheme Dewey Decimal Classification
Koha item type Text Books
942 ## - ADDED ENTRY ELEMENTS (KOHA)
-- 10
Holdings
Withdrawn status Lost status Source of classification or shelving scheme Damaged status Not for loan Collection code Home library Current library Date acquired Source of acquisition Currency Cost, normal purchase price Bill Number Total Checkouts Acc. no. / Barcode Date last seen Date last borrowed Actual Cost, discounted price Bill Date Koha item type
    Dewey Decimal Classification     B.A Hons. Fashion PIET NCR College Library PIET NCR College Library 19/11/2020 Kirti Prakasan In Rupess 360.00 IN277 1 N278 05/01/2026 13/09/2025 241.20 19/11/2020 Reference Books
    Dewey Decimal Classification     B.A Hons. Fashion PIET NCR College Library PIET NCR College Library 19/11/2020 Kirti Prakasan In Rupess 360.00 IN277 11 N279 01/01/2026 21/02/2024 241.20 19/11/2020 Text Books
    Dewey Decimal Classification     B.A Hons. Fashion PIET NCR College Library PIET NCR College Library 19/11/2020 Kirti Prakasan In Rupess 360.00 IN277 15 N280 22/12/2025 17/11/2025 241.20 19/11/2020 Text Books
    Dewey Decimal Classification     B.A Hons. Fashion PIET NCR College Library PIET NCR College Library 19/11/2020 Kirti Prakasan In Rupess 360.00 IN277 16 N281 03/12/2025 17/11/2025 241.20 19/11/2020 Text Books
    Dewey Decimal Classification     B.A Hons. Fashion PIET NCR College Library PIET NCR College Library 19/11/2020 Kirti Prakasan In Rupess 360.00 IN277 22 N282 17/12/2025 03/12/2025 241.20 19/11/2020 Text Books

Design & Developed by: PIET Central Library
R70 Miles Stone Pattikalyana Samalkha Panipat 132102
mail ID :- [email protected], Phone No:- 0180-2569700 Ex.216